000 00470nam a22001817a 4500
003 NUST - PNEC
005 20170116181000.0
008 150912b xxu||||| |||| 00| 0 eng d
020 _a0745800874
020 _a0470207647
040 _cLIBRARY
082 _a005.1 WER
100 _99457
_aWertz, H.
245 _aAutomatic correction and improvement of programs
_cH. Wertz
260 _cc.1985
650 _99461
_aArtificial intelligence
_xMIS
942 _2ddc
_cBK
999 _c66670
_d66670